000 00278nam a22001217a 4500
040 _cNUST
082 _a923.1 BUS
100 _aWoodward, Bob
_937767
245 _aBush at War
260 _aLahore:
_bTayyab Publisher,
_c2004.
650 _aBush at War
_958527
942 _2ddc
_cBK
999 _c595771
_d595771